00923nam a2200289 a 4500001001000000003000900010005001700019007000300036008004100039020001800080040003100098082002800129100004500157245007600202260000600278264004500284300002800329336002700357337003300384338002800417490001300445500007000458650002400528650002700552650002500579700002900604000002260DO-SdBPM20250903135026.0ta090701s2008 dr r 000 p spa d a9789945427448 aDO-SdBPMbspacBPMSU drda 4aRD861.44bJ27p 20082221 aJames Rawlings, Norberto,d1945-eautor 10aPatria portátil /cNorberto James Rawlings ; edición Amado Santana. c  aSanto Domingo :bEditora Nacional,c2008 a47 páginas ;c23 cm. atextobtxt2rdacontent asin mediaciónbn2rdamedia avolumenbnc2rdacarrier0 aUltramar aIncluye datos biográficos del autor en la solapa de la cubierta 7aPoesía dominicana 7aLiteratura dominicana.z aDominican literature aSantana, Amado,eeditor